Role effectiveness of ordnance factories and challenges ahead (Record no. 492929)

000 -LEADER
fixed length control field 00498cam a22001337a 4500
008 - FIXED-LENGTH DATA ELEMENTS--GENERAL INFORMATION
fixed length control field 180718b2004 xxu||||| |||| 00| 0 eng d
082 ## - DEWEY DECIMAL CLASSIFICATION NUMBER
Classification number APPPA/2003-04/NAF/25
100 ## - MAIN ENTRY--PERSONAL NAME
Personal name Nafri, S.K.
245 ## - TITLE STATEMENT
Title Role effectiveness of ordnance factories and challenges ahead
Statement of responsibility, etc. by S.K. Nafri
260 ## - PUBLICATION, DISTRIBUTION, ETC.
Place of publication, distribution, etc. New Delhi
Name of publisher, distributor, etc. Indian Institute of Public Administration
Date of publication, distribution, etc. 2004
300 ## - PHYSICAL DESCRIPTION
Extent 143p.
500 ## - GENERAL NOTE
General note An APPPA M.Phil dissertation, 2003-04 (Guide: Prof. (Mrs.) Rajesh Singh)
650 ## - SUBJECT ADDED ENTRY--TOPICAL TERM
Topical term or geographic name entry element Ordonance industries - India
Holdings
Withdrawn status Lost status Damaged status Not for loan Permanent Location Current Location Date acquired Full call number Barcode Date last seen Price effective from Koha item type
        Indian Institute of Public Administration Indian Institute of Public Administration 2018-08-04 APPPA/2003-04/NAF/25 GR16988 2018-08-04 2018-08-04 GR

Powered by Koha